000 00611nam a2200205 i 4500
001 74729
003 ES-MaACL
007 t|
008 040920s1985 sp ||||1| spa d
020 _a84-205-1219-2
100 1 _aGonzález Ureña, A.
_958998
245 1 0 _aCinética y dinámica molecular de las reacciones químicas elementales /
_cA. González Ureña.
250 _a[1ªed.].
260 _aMadrid :
_bAlhambra,
_c1985.
300 _aVII, 357 p. ;
_c24 cm.
490 1 _aAlhambra universidad
830 0 _aAlhambra universidad
_9180698
852 _aES-MaACL
_jL-8917
_bR.110615
999 _c74729
_d74729